Every Tool Song - Statistics

General Stats
  • This quiz has been taken 34 times
  • The average score is 47 of 73
Answer Stats
Hint Answer % Correct
AEnima H.
100%
AEnima Hooker With A Penis
91%
Undertow Sober
91%
Undertow 4*
87%
Opiate Opiate
87%
Fear Inoculum Fear Inoculum
83%
Lateralus Lateralus
83%
Lateralus Parabol
83%
Lateralus Parabola
83%
Undertow Prison Sex
83%
AEnima Stinkfist
83%
10,000 Days The Pot
83%
10,000 Days Wings For Marie (Pt. 1)
83%
10,000 Days 10,000 Days (Pt. 2)
78%
Fear Inoculum 7empest
78%
AEnima AEnema
78%
AEnima Forty Six & 2
78%
Opiate Hush
78%
AEnima Intermission
78%
Undertow Undertow
78%
Fear Inoculum Chocolate Chip Trip
74%
AEnima Eulogy
74%
Undertow Intolerance
74%
AEnima Jimmy
74%
AEnima Pushit
74%
Lateralus Schism
74%
Lateralus The Grudge
74%
AEnima Third Eye
74%
10,000 Days Vicarious
74%
Undertow Crawl Away
70%
10,000 Days Jambi
70%
Opiate Jerk-Off
70%
Fear Inoculum Pneuma
70%
10,000 Days Rosetta Stoned
70%
Opiate Sweat
70%
Undertow Bottom
65%
Opiate Cold And Ugly
65%
Undertow Flood
65%
AEnima (-) Ions
65%
10,000 Days Lost Keys (Blame Hofmann)
65%
AEnima Message To Harry Manback
65%
Opiate Part Of Me
65%
Lateralus Reflection
65%
Lateralus The Patient
65%
Lateralus Ticks & Leeches
65%
Fear Inoculum Descending
61%
Undertow Disgustipated
61%
Fear Inoculum Invincible
61%
10,000 Days Right In Two
61%
Undertow Swamp Song
61%
Lateralus Triad
61%
Lateralus Mantra
57%
Salival No Quarter
57%
Fear Inoculum Culling Voices
52%
Lateralus Disposition
52%
Lateralus Eon Blue Apocalypse
52%
Fear Inoculum Mockingbeat
52%
Singles Opiate^2
52%
10,000 Days Intension
48%
10,000 Days Lipan Conjuring
48%
Salival Maynard's Dick
48%
AEnima Die Eier Von Satan
43%
Lateralus Faaip De Oiad
43%
Opiate The Gaping Lotus Experience
43%
AEnima Useful Idiot
43%
10,000 Days Viginti Tres
43%
Salival You Lied
43%
AEnima Cesaro Summability
39%
Salival L.A.M.C.
35%
Fear Inoculum Litanie Contre La Peur
35%
Salival Message To Harry Manback II
35%
Salival Merkaba
30%
Fear Inoculum Legion Inoculant
26%
No matching quizzes found
Score Distribution
Percent of People with Each Score
Percentile by Number Answered
Your Score History
You have not taken this quiz